000 00889nam a2200253Ia 4500
003 OSt
005 20221005113501.0
006 a|||||r|||| 00| 0
007 ta
008 221004b |||||||| |||| 00| 0 pan d
020 _c100
024 _a94471
037 _b72880, 31/12/2008, Arsee Publishers
_cTextual
040 _aCRL
_cCRL
_bpan
041 _2pan
_apan
082 _aO153:g, P4
100 _aਪਰਮਿੰਦਰ ਸਿੰਘ
245 0 _aਆਧੁਨਿਕ ਪੰਜਾਬੀ ਸਾਹਿਤ
_b ਸਿਧਾਂਤ ਤੇ ਵਿਹਾਰ
260 _aਲੁਧਿਆਣਾ
_bਲਾਹੈਰ ਬੁੱਕ ਾਪ ਭਾਰਤ
_c2004
300 _a104ਪੰ
_ccm.
650 _aਪੰਜਾਬੀ ਸਾਹਿਤ
942 _hO153:g, P4
_cTEXL
_2cc
999 _c1028341
_d1028341